000 00341nam a2200145Ia 4500
008 150201s1994 xx 000 0 und d
082 _a617
_bV94J
100 _aJAMWSON , C.W.
245 _aROB & SMIT VASCULOR SURGERY
250 _a5TH
260 _bCHAPMAN &HALL
_aLONDON
_c1994
300 _a1-675
650 _aSURGERY
942 _2ddc
_cBK
999 _c1303
_d1303